| 000 | 00945nam a2200253 i 4500 | ||
|---|---|---|---|
| 001 | bg | ||
| 245 | 0 | 0 |
_aEuropejska Konwencja Praw Człowieka : _bschemat procedury, stawki związane z pomocą prawną, wzór skargi do Europejskiego Trybunału Praw Człowieka / _cwybór i oprac. Marek Antoni Nowicki. |
| 250 | _aStan prawny na 1 października 1999 r. | ||
| 260 |
_aKraków : _b"Zakamycze", _c1999. |
||
| 300 |
_a168 s. : _b1 il. ; _c20 cm. |
||
| 610 | 2 | 9 | _aEuropejska Komisja Praw Człowieka |
| 610 | 2 | 9 | _aEuropejski Trybunał Praw Człowieka |
| 650 | 9 |
_aPrawa człowieka _xprawo międzynarodowe _zEuropa _ystan na 1998 r. |
|
| 650 | 9 |
_aSkargi i zażalenia _zEuropa |
|
| 655 | _aPoradniki | ||
| 700 | 1 |
_aNOWICKI, Marek Antoni _d(1953- ). _eOprac. |
|
| 020 | _a8388114379 | ||
| 040 | _cBPK | ||
| 041 | 0 | _apl | |
| 080 | _a341.231.14:061.1](4)(094) | ||
| 920 | _a83-88114-37-9 | ||
| 942 | _cKS | ||
| 008 | s pl f |000 0 pol | ||
| 999 |
_c36418 _d36418 |
||
| 856 |
_uhttp://koha.tu.koszalin.pl/cgi-bin/koha/opac-detail.pl?biblionumber=36418 _yKatalog online BPK |
||